|
|
|
|
| LEADER |
00000nab a2200000 a 4500 |
| 001 |
vtls000871715 |
| 003 |
SK-MaSNL |
| 005 |
20260304045616.0 |
| 008 |
040806c2004 xo 0 slo |
| 015 |
|
|
|a SNBRB2004/05-14024
|
| 035 |
|
|
|a CLN000223267
|
| 040 |
|
|
|a SNKBUCL
|b slo
|c SNKBUCL
|e AACR2
|
| 041 |
0 |
|
|a slo
|
| 044 |
|
|
|a xo
|c SK
|
| 080 |
|
|
|a 908(569.5)
|2 1997
|
| 100 |
1 |
|
|a Bulík, Ivan,
|d 1969-
|4 aut
|9 256327
|
| 245 |
1 |
0 |
|a Petra
|b kamenná perla púšte
|c Ivan Bulík
|
| 300 |
|
|
|b Fotogr.
|
| 650 |
0 |
7 |
|a zaniknuté mestá
|2 snkbucl
|9 115666
|
| 651 |
|
7 |
|a Petra (zaniknuté mesto)
|2 SNKPHgeo
|9 79302
|
| 651 |
|
7 |
|a Jordánsko
|2 SNKPHgeo
|9 28435
|
| 773 |
0 |
|
|t Slovenka
|g Roč. 57, č. 17 (2004), s. 22-25
|x 0231-6676
|
| 850 |
|
|
|a Slovenská národná knižnica v Martine
|
| 852 |
|
|
|a SNK
|b KIS3GCP
|
| 999 |
|
|
|c 2693480
|d 2695410
|